| 000 | 00759nam a2200217 u 4500 | ||
|---|---|---|---|
| 005 | 20230601063701.0 | ||
| 008 | 160205s2014 r 000 0 eng d | ||
| 020 | _a9786074272192 | ||
| 020 | _a9786077585749 | ||
| 035 | _aUPN01000207857 | ||
| 049 | _aC | ||
| 050 | 4 |
_aF1232 _bL4.9 |
|
| 100 | 1 |
_aLemoine Villicaña, Ernesto, _d1927-1993 _938831 |
|
| 245 | 1 | 3 |
_aLa última expedición de Morelos / _cErnesto Lemoine ; con textos introd. de Carlos Lozano de la Torre. |
| 260 |
_aMéxico : _bSEGOB : _bArchivo General de la Nación, _c2014. |
||
| 300 |
_a334 p. : _bil. col. + _e1 mapa |
||
| 600 | 1 | 4 |
_aMORELOS Y PAVON, JOSE MARIA, _d1765-1815 |
| 651 | 4 |
_aMéxico _xHistoria _yGuerra de Independencia, 1810-1821 _915381 |
|
| 905 | _aLibro | ||
| 999 |
_c179958 _d179958 |
||